000 00420nam a22001217a 4500
008 180521b xxu||||| |||| 00| 0 eng d
041 _aeng
080 _a043.3
100 _a0
101 _aSHKI-MTH
245 _aAnaliza e dizajnimit dhe implementimit të sigurisë së rrjetave kompjuterike Studim rasti: Avantazhet e përdorimit të MPLS nga pikëpamja e sigurisë në një ndërmarrje
_cPajaziti,F
942 _2udc
_cBK
999 _c46088
_d46088